Technicko-taktická príprava (v tréningu vo futbale)

Bibliographic Details
Main Author: Choutka, M. (Author)
Format: Article
Language:Slovak
Subjects:

MARC

LEADER 00000nab a2200000 a 4500
001 vtls010000028
003 SK-MaSNL
005 20260305035327.0
008 091116 1972 xo z p 000 0 slo
015 |a SNBRB1972  |2 snkbucl 
040 |a SNKBUCL  |b slo  |c SNKBUCL  |e AACR2 
041 0 |a slo 
044 |a xo  |c SK 
080 |a 796.332.015  |2 2001 
100 1 |a Choutka, M.  |4 aut  |9 630689 
245 1 0 |a Technicko-taktická príprava (v tréningu vo futbale)  |c M. Choutka 
650 0 7 |a futbal  |2 snkbucl  |9 3291 
650 0 7 |a športový tréning  |2 snkbucl  |9 163263 
773 0 |t Tip  |g Roč. 4, č. 51-52 (1972), s. 26-27 
999 |c 3333347  |d 3335277